<?xml version="1.0" encoding="UTF-8"?>
<collection xmlns="http://www.loc.gov/MARC21/slim">
  <record>
    <leader>00000nam  2200000   4500</leader>
    <controlfield tag="001">INLIS000000000002086</controlfield>
    <controlfield tag="005">20180724144027</controlfield>
    <controlfield tag="008">180724|||||||||   |   |||   |||| ||   | </controlfield>
    <datafield tag="035" ind1=" " ind2=" ">
      <subfield code="0">010-0718002086</subfield>
    </datafield>
    <datafield tag="041" ind1=" " ind2=" ">
      <subfield code="a">id</subfield>
    </datafield>
    <datafield tag="082" ind1=" " ind2=" ">
      <subfield code="a">R.022 PIM I 2016</subfield>
    </datafield>
    <datafield tag="090" ind1=" " ind2=" ">
      <subfield code="a">R.022 PIM I 2016</subfield>
    </datafield>
    <datafield tag="100" ind1=" " ind2=" ">
      <subfield code="a">Lumaksono., Adi</subfield>
    </datafield>
    <datafield tag="245" ind1=" " ind2=" ">
      <subfield code="a">Membangun Data Produksi Padi Yang Akuntabel</subfield>
    </datafield>
    <datafield tag="260" ind1=" " ind2=" ">
      <subfield code="a">Jakarta</subfield>
      <subfield code="b">LAN Jakarta</subfield>
      <subfield code="c">2016</subfield>
    </datafield>
    <datafield tag="300" ind1=" " ind2=" ">
      <subfield code="a">23 hlm., 30 cm</subfield>
    </datafield>
    <datafield tag="500" ind1=" " ind2=" ">
      <subfield code="a">Gagasan perubahan dilandasi adanya gap antara kondisi saat ini dengan kondisi yang diinginkan sejalan dengan kebutuhan akan data yang cepat dan akurat. Penghitungan data produksi padi saat ini masih menggunakan metode eye estimate yang tidak obyektif (berdasarkan penglihatan) dan tidak didukung oleh petugas pengumpul data yang handal (sering berganti dalam waktu cepat dan tidak terlatih terlebih dahulu) serta masih menggunakan kuesioner dalam bentuk kertas. Kondisi saat ini sangat berpengaruh terhadap kualitas data yang dikumpulkan.</subfield>
    </datafield>
    <datafield tag="650" ind1=" " ind2=" ">
      <subfield code="a">Membangun Data</subfield>
    </datafield>
  </record>
</collection>
